000 00984cam a2200253 4500
001 ABS66523
008 030402n2003 000 0 eng u
035 _a(Sirsi) u121868
245 _aBe safe - be very safe
260 _c2003
490 _aPlant and Machinery Newsletter
_v February 2003, 2(1)
520 _aDiscusses health and safety issues which have serious implications for plant and machinery valuers. Looks in particular at the health and safety areas of responsiblity involved in insolvency work. Concludes that absence of risk assessment is a breach of duty of care.
590 _aABS
650 _aHEALTH AND SAFETY
_96244
650 _aPLANT AND MACHINERY
650 _aVALUERS
650 _aINSOLVENCY VALUATION
650 _aHEALTH AND SAFETY AT WORK ETC ACT 1974 S2(1)
650 _aMANAGEMENT OF HEALTH AND SAFETY AT WORK REGULATIONS 1999
650 _aRISK MANAGEMENT
650 _aDUTY OF CARE
690 _aHEALTH AND SAFETY
_96244
942 _n0
999 _c72423
_d72423